[Event "Oberliga Ost-A 1617"]
[Site "Germany"]
[Date "2016.11.20"]
[Round "3.6"]
[White "Ruemmler, Roland"]
[Black "Sieber, Fiona"]
[Result "0-1"]
[WhiteElo "1952"]
[BlackElo "2236"]
[PlyCount "52"]
[EventDate "2016.10.16"]
[EventType "team-tourn"]
[EventRounds "11"]
[EventCountry "GER"]
[SourceTitle "EXT 2018"]
[Source "ChessBase"]
[SourceDate "2017.10.13"]
[SourceVersion "1"]
[SourceVersionDate "2017.10.13"]
[SourceQuality "1"]
[WhiteTeam "Naumburg"]
[BlackTeam "Magdeburg Aufbau Elbe"]
[WhiteTeamCountry "GER"]
[BlackTeamCountry "GER"]

1. d4 Nf6 2. Nf3 g6 3. g3 Bg7 4. Bg2 d5 5. 0-0 0-0 6. c4 dxc4 7. Ne5 c5 8. dxc5 Qc7 9. Nxc4 Qxc5 10. Ne3 Nc6 11. Nc3 Be6 12. Qa4 Rfd8 13. Qb5 Qxb5 14. Nxb5 Rac8 15. Rd1 Rxd1+ 16. Nxd1 Nd5 17. Nbc3 Nxc3 18. Nxc3 b6 19. Bd2 Na5 20. Be1 Nc4 21. Bd5 Nxb2 22. Bxe6 fxe6 23. Rb1 Rxc3 24. Bxc3 Bxc3 25. Rc1 Na4 26. Rd1 Bf6 0-1

[Event "Oberliga Ost-A 1112"]
[Site "Germany"]
[Date "2012.03.18"]
[Round "9.1"]
[White "Stolz, Mike"]
[Black "Ruemmler, Roland"]
[Result "1-0"]
[WhiteElo "2381"]
[BlackElo "2013"]
[PlyCount "89"]
[EventDate "2011.09.25"]
[EventType "team-tourn"]
[EventRounds "11"]
[EventCountry "GER"]
[SourceTitle "EXT 2013"]
[Source "ChessBase"]
[SourceDate "2012.11.22"]
[SourceVersion "1"]
[SourceVersionDate "2012.11.22"]
[SourceQuality "1"]
[WhiteTeam "Magdeburg Rochade"]
[BlackTeam "Naumburg"]
[WhiteTeamCountry "GER"]
[BlackTeamCountry "GER"]

1. f4 d5 2. Nf3 g6 3. g3 Bg7 4. Bg2 c5 5. 0-0 e6 6. d3 Ne7 7. e4 0-0 8. e5 Nbc6 9. Be3 b6 10. Bf2 Bb7 11. Nc3 a6 12. d4 cxd4 13. Nxd4 Qc7 14. Na4 Rab8 15. Nf3 Bc8 16. Qd2 Rd8 17. Qc3 Rd7 18. Rfd1 Qd8 19. g4 Rdb7 20. b3 Bd7 21. Nb2 Qf8 22. Nd3 Rc8 23. Qb2 h6 24. Rac1 Na5 25. Nd4 g5 26. f5 exf5 27. c4 fxg4 28. cxd5 Ng6 29. Nc6 Bf5 30. Nxa5 Rxc1 31. Qxc1 bxa5 32. d6 Rb5 33. Nc5 Bxe5 34. d7 Bf6 35. Nb7 Nf4 36. Qc6 Kg7 37. d8Q Bxd8 38. Rxd8 Qe7 39. Bd4+ Re5 40. Bf1 f6 41. Bxe5 Qxe5 42. Qc5 g3 43. Qxe5 gxh2+ 44. Kxh2 fxe5 45. Nd6 1-0

[Event "Oberliga Ost-A 0708"]
[Site "Germany"]
[Date "2008.01.20"]
[Round "7.8"]
[White "Hentze, Markus"]
[Black "Ruemmler, Roland"]
[Result "1/2-1/2"]
[WhiteElo "1932"]
[BlackElo "2061"]
[PlyCount "42"]
[EventDate "2007.09.23"]
[EventType "team-tourn"]
[EventRounds "11"]
[EventCountry "GER"]
[SourceTitle "EXT 2009"]
[Source "ChessBase"]
[SourceDate "2008.11.26"]
[SourceVersion "1"]
[SourceVersionDate "2008.11.26"]
[SourceQuality "1"]
[WhiteTeam "Leipzig Gohlis II"]
[BlackTeam "Naumburg"]
[WhiteTeamCountry "GER"]
[BlackTeamCountry "GER"]

1. e4 c5 2. Nf3 d6 3. Bb5+ Bd7 4. Bxd7+ Qxd7 5. c4 Nc6 6. d4 cxd4 7. Nxd4 Nf6 8. Nc3 g6 9. f3 Bg7 10. Be3 0-0 11. 0-0 Rac8 12. b3 Rfd8 13. Qd2 Ne8 14. Rac1 b6 15. Rfd1 Nc7 16. Nd5 Nxd4 17. Bxd4 Nxd5 18. Bxg7 Kxg7 19. Qxd5 Qc7 20. Kf2 Qc5+ 21. Qxc5 Rxc5 1/2-1/2

[Event "Saale-Herbst op 3rd"]
[Site "Halle/Saale"]
[Date "2006.10.28"]
[Round "7"]
[White "Ruemmler, Roland"]
[Black "Mueller, Marius"]
[Result "0-1"]
[WhiteElo "1940"]
[BlackElo "1305"]
[PlyCount "58"]
[EventDate "2006.10.25"]
[EventType "swiss"]
[EventRounds "7"]
[EventCountry "GER"]
[SourceTitle "EXT 2019"]
[Source "ChessBase"]
[SourceDate "2018.10.10"]
[SourceVersion "1"]
[SourceVersionDate "2018.10.10"]
[SourceQuality "1"]

1. d4 Nf6 2. Nc3 d5 3. Bg5 h6 4. Bf4 Bf5 5. e3 e6 6. Bd3 Bxd3 7. cxd3 c5 8. dxc5 Bxc5 9. d4 Bd6 10. Nge2 a6 11. 0-0 Nc6 12. Bxd6 Qxd6 13. Nf4 0-0 14. h3 Rad8 15. Nd3 Rfe8 16. Nc5 Re7 17. a3 e5 18. dxe5 Qxe5 19. Nd3 Qd6 20. Qa4 d4 21. exd4 Qxd4 22. Nb4 Nxb4 23. axb4 Nd5 24. Rad1 Qc4 25. Nxd5 Rxd5 26. Rc1 Qb5 27. Rc8+ Kh7 28. Qc2+ Qd3 29. Qc3 Qxf1+ 0-1

[Event "Saale-Herbst op 3rd"]
[Site "Halle/Saale"]
[Date "2006.10.26"]
[Round "3"]
[White "Wichmann, Cliff"]
[Black "Ruemmler, Roland"]
[Result "1-0"]
[WhiteElo "2374"]
[BlackElo "1940"]
[PlyCount "173"]
[EventDate "2006.10.25"]
[EventType "swiss"]
[EventRounds "7"]
[EventCountry "GER"]
[SourceTitle "EXT 2019"]
[Source "ChessBase"]
[SourceDate "2018.10.10"]
[SourceVersion "1"]
[SourceVersionDate "2018.10.10"]
[SourceQuality "1"]

1. d4 Nf6 2. c4 g6 3. Nc3 Bg7 4. e4 c5 5. d5 d6 6. Bd3 Na6 7. h3 Nc7 8. Nf3 a6 9. 0-0 0-0 10. Re1 Nd7 11. Bf4 Ne5 12. Nxe5 dxe5 13. Be3 b6 14. a4 a5 15. f4 exf4 16. Bxf4 e5 17. Bg3 Qd6 18. Rf1 Bd7 19. Qc2 f6 20. Rae1 Rf7 21. Bh2 Raf8 22. g4 Bh6 23. Qg2 Ne8 24. h4 Qe7 25. Kh1 Nd6 26. Rg1 g5 27. h5 Qe8 28. b3 Qc8 29. Qh3 Qe8 30. Rgf1 Qc8 31. Be2 Qd8 32. Kg2 Qe7 33. Bf3 Qd8 34. Kf2 Qe8 35. Ke2 Qe7 36. Kd3 Qe8 37. Bd1 Qe7 38. Be2 Qe8 39. Ra1 Qe7 40. Kc2 Qe8 41. Qe3 Qd8 42. Nb1 Qc7 43. Nd2 Qc8 44. Qg1 Qc7 45. Bg3 Re8 46. Bf2 Rb8 47. Be3 Rc8 48. Kd3 Rb8 49. Bf3 Rc8 50. Ke2 Rb8 51. Kf2 Rc8 52. Kg3 Rb8 53. Ra2 Rff8 54. Be2 Rf7 55. Rfa1 Nb7 56. Kh3 Rc8 57. Bd3 Ra8 58. Nb1 Rb8 59. Na3 Qd6 60. Rf1 Rbf8 61. Nb1 Rc8 62. Nd2 Ra8 63. Rfa1 Rff8 64. Nb1 Qe7 65. Nc3 Qe8 66. Kg3 Qe7 67. d6 Qe6 68. Be2 Nxd6 69. Rd1 Bc6 70. Bf3 Nb7 71. Rad2 Rfd8 72. Qf1 Bf8 73. Qh1 Rd6 74. Nd5 Bxd5 75. exd5 Qe7 76. Be4 Nd8 77. Rf1 Ra7 78. Rdf2 h6 79. Kh3 Bg7 80. Qf3 Qd7 81. Bd2 Rc7 82. Bc3 Ra7 83. Qg2 Rc7 84. Bd3 Qe7 85. Qe4 Ra7 86. Re1 Rc7 87. Qh7+ 1-0